00413nam a22001577a 450000500170000001000150001702000260003203500140005803700130007208200060008510000160009124500440010726000390015127000440019030000210023420181010144218.0 aENG-124225 a9789386300843c250.00 aEN-107757 bDBAD/PUB aS aVyas, Nihar aThe secret of ulniball /cby Nihar Vyas aNew DelhibPrabhat Prakashanc2017 bNew Delhie110002a4/19 Asaf Ali Road,  a136p.c21cm.(Hb)